Countries with most Turkish Origin population - Statistics

General Stats
  • This quiz has been taken 50 times
  • The average score is 15 of 20
Answer Stats
Number of People Country % Correct
4.1 Million Germany
98%
808.000 United Kingdom
96%
1.5 Million United States
96%
969.000 France
94%
668.000 Austria
92%
336.000 Greece
92%
812.000 Netherlands
90%
320.000 Russia
86%
752.000 Italy
84%
2.1 Million Iraq
82%
872.000 Azerbaijan
80%
653.000 Belgium
78%
869.000 Australia
76%
359.000 Switzerland
76%
1.6 Million Syria
73%
385.000 Cyprus
67%
655.000 Romania
65%
255.000 Kazakhstan
53%
297.000 North Macedonia
31%
390.000 Moldova
16%
No matching quizzes found
Score Distribution
Percent of People with Each Score
Percentile by Number Answered
Your Score History
You have not taken this quiz